| 000 | 00668nam a22002177a 4500 | ||
|---|---|---|---|
| 003 | 0 | ||
| 005 | 20250820153217.0 | ||
| 008 | 250820b xxu||||| |||| 00| 0 eng d | ||
| 020 | _a979-8-89366-096-8 | ||
| 050 |
_aBL 312 _b.E45 2025 |
||
| 100 |
_aEllison, Selena, _eauthor. |
||
| 245 |
_aMythology around the world : _ba complete introduction / _cSelena Ellison. |
||
| 260 |
_aBrooklyn, NY : _bStates Academic Press, _c2025. |
||
| 300 |
_avi, 230 pages : _bcolored illustrations ; _c26 cm. |
||
| 504 | _aIncludes bibliographical references and index. | ||
| 650 | _aMythology. | ||
| 650 | _aGods. | ||
| 650 | _aFolklore. | ||
| 650 | _aReligions. | ||
| 942 |
_2lcc _cBK |
||
| 999 |
_c367549 _d367549 |
||